000 00701nam a2200253 i 4500
001 C2-0116826
003 PPAK
005 20180727110110.0
008 970722s1994 my |||| ||||| | may d
020 _a9839792881
040 _aPPAK
_beng
_cPPAK
_erda
082 0 4 _a297.1978344
_223
090 0 0 _a297.1978344
_bALI
_dG
100 1 _aAli, Khalid Sayyid,
_eauthor
245 1 0 _aWarkah untuk wanita
264 1 _aKuala Lumpur :
_bAl-Ramadhan ,
_c1994
300 _a88 pages ;
_c17 cm
336 _2rdacontent
_atext
337 _2rdamedia
_aunmediated
338 _2rdacarrier
_avolume
650 1 0 _aWomen, Muslim - Conduct of life
700 0 _aAhmad Rafaai Ayudin,
_ecompile
942 _ddc
_cB
999 _c30932
_d30932